| 000 | 00489cam a2200181ua 4500 | ||
|---|---|---|---|
| 020 | _c10.00 | ||
| 041 |
_ahin _h |
||
| 082 |
_a891.54 _bKES/DA |
||
| 100 | _aKeshavan Nair, P K . | ||
| 245 |
_aDakshin bharat ke hindi prachar-andholan ka samekshatmak itihas / _cP K Keshavan nair. _hTextual Documents |
||
| 250 |
_a1 / _b. |
||
| 260 |
_aLucknow : _bHindi Sahithya Bhandar , _c1963. |
||
| 300 | _a432 ; . | ||
| 365 | _a10.00 | ||
| 504 | _a | ||
| 942 | _cBK | ||
| 999 |
_c8464 _d8464 |
||